000 00450nam a2200157 i 4500
001 86207
003 ES-MaACL
007 t|
008 041209s1929 sp ||||1| spa d
100 1 _aKesten, Hermann.
_967955
245 1 3 _aUn libertino /
_cHermann Kesten ; traducción del alemán por Fermí Soto.
260 _aMadrid :
_b[s.n.,
_c1929] (
_fArgis)
300 _a248 p. ;
_c19 cm.
700 1 _aSoto, Fermí.
_9107482
852 _aES-MaACL
_jB-2817
999 _c86207
_d86207